000 00541nam a2200181 a 4500
001 000042312
005 20201002040054.0
008 131122s1987 sp 000 0 spa d
020 _a8434410699
040 _aDO-SdBNP
_bspa
_cBNPHU
082 _axxxx
_bxxx
100 1 _aLópez Garrido, Diego
_969366
245 1 3 _aEl Aparato Policial en España :
_bHistoria, sociología e ideología. /
_cDiego López Garrido.
260 _aBarcelona, :
_bAriel,
_c1987.
300 _a174 p. ;
_c21 cm.
490 1 _aAriel
_v69
830 0 _aAriel
_v69
_933302
999 _c41801
_d41801